International management : trends, challenges, and opportunities /
This book is divided into three parts: International perspectives on organizational behavior; International perspectives on Human Resource management; and International business strategy and social responsibility.
Gardado en:
| Autor Principal: | |
|---|---|
| Outros autores: | |
| Formato: | Libro |
| Idioma: | English |
| Publicado: |
Cincinnati, Ohio :
South-Western College,
1998.
|
| Những chủ đề: | |
| Các nhãn: |
Engadir etiqueta
Sen Etiquetas, Sexa o primeiro en etiquetar este rexistro!
|
| Thư viện lưu trữ: | Mạng thư viện Đại học Đà Nẵng |
|---|
| LEADER | 01205cam a2200361 i 4500 | ||
|---|---|---|---|
| 001 | 000049122 | ||
| 003 | 8851 | ||
| 005 | 20051111142457.0 | ||
| 008 | 010320b1998 vm 000 eng | ||
| 020 | |a 053887872X | ||
| 040 | |a IRC |c IRC |d IRC | ||
| 041 | 0 | |a eng | |
| 082 | 1 | 4 | |a 658.049 |b MC-D |
| 100 | 1 | |a McFarlin, Dean B. | |
| 245 | 0 | 0 | |a International management : |b trends, challenges, and opportunities / |c Dean B. McFarlin, Paul D. Sweeney. |
| 260 | |a Cincinnati, Ohio : |b South-Western College, |c 1998. | ||
| 300 | |a xxiii, 625, 36, 5, 10 p. ; |c 23.5cm. | ||
| 520 | 3 | |a This book is divided into three parts: International perspectives on organizational behavior; International perspectives on Human Resource management; and International business strategy and social responsibility. | |
| 630 | 0 | 4 | |a Business. |
| 630 | 0 | 4 | |a Management. |
| 630 | 0 | 4 | |a Enterprises. |
| 650 | 0 | 4 | |a International business enterprises |x Management. |
| 700 | 1 | |a Sweeney, Paul D. | |
| OWN | |a DUT | ||
| 999 | |a From the UDN01 | ||
| TYP | |a Monograph | ||
| TYP | |a Printed language | ||
| 980 | |a Mạng thư viện Đại học Đà Nẵng | ||


